1247 1247 1205 1536 1815 1391 1044 1011 1689 1792 1956 1035 1917 1903 1641 1526 1657 1212 1559 1538 1497 1751 1185 1142 1832 1805 1946 1359 1879 1897 1376 1407 1196 1894 1368 1130 1361 1407 1644 1420 1484 1262 1065 1291 1884 1463 1612 1292 1490 1565 1617 1723 1576 1525 1680 1695 1169 1594 1580 1178 1074 1724 1511 1495 1201 1859 1755 1797 1712 1550 1266 1556 1202 1670 1035 1245 1489 1796 1985 1001 1350 1003 1441 1436 1122 1544 1231 1824 1250 1215 1341 1395 1429 1831 1482 1599 1691 1938 1403 BCNSPRNW ULIB Ver.6.0+V

เปลี่ยนเป็นภาษาไทย

Change to English
 แสดงรายละเอียดบรรณานุกรม
  กลับหน้าหลัก

Brief Record : Get Marc (ISO 2709) : E-mail record : QR code < ปิดหน้าต่าง
LEADER : 00000nam 2200000uu 4500
001    13399126502
003     ULIB
008    180926s2558||||th 000 0 tha d
020    ^a9786165128933
050 04 ^aSB449^bณ116ง
100 0  ^aณภัทร ทองแย้ม
245 10 ^aงานฝีมือสุดคุ้ม ชุด การจัดดอกไม้ 2 / ^cณภัทร ทองแย้ม, สุพัสดา ศรีอุดร และสมัย ศรีอุดร
260    ^aกรุงเทพฯ : ^bวาดศิลป์, ^c2558
300    ^a64 หน้า :^bภาพประกอบสี ; ^c25 ซม.
650  4 ^aการจัดการดอกไม้.
700 0  ^aสุพัสดา ศรีอุดร, ^eผู้แต่งร่วม
700 0  ^aสมัย ศรีอุดร, ^eผู้แต่งร่วม
945    ^p150^l0^i26699
999    ^aกัณชพร จุลอักษร
รายการนี้ยังไม่มีแท็ก
คุณยังไม่ได้ล็อกอิน คุณสามารถมีกิจกรรมร่วมกับเว็บไซต์ได้ แต่ต้องล็อกอินก่อน ::
  ล็อกอิน

รายการสื่อสารสนเทศ

ลำดับที่ ประเภท เลขเรียก/บาร์โค้ด สถานที่ สถานะ
1. วิทยาศาสตร์การแพทย์ และสุขภาพ
วิทยาศาสตร์การแพทย์ และสุขภาพ
SB449 ณ116ง ฉ.1 
  Barcode: 26699
ห้องสมุดวิทยาเขตนครสวรรค์
►หนังสือทั่วไป:l:General Books
บนชั้น

รายการใกล้เคียง
    ผู้แต่ง [ณภัทร ทองแย้ม]

    หัวเรื่อง [การจัดการดอกไม้.]

BibComment


ยังไม่เคยถูกคอมเมนท์

คอมเมนท์ทรัพยากรรายการนี้
  คอมเมนท์: งานฝีมือสุดคุ้ม ..


 Copyright 2026. Bcnsprnw @Library